000 00479nam a22001817a 4500
005 20141121114544.0
010 _aENG-111224
020 _a9789383074822
_c399.00
035 _aEN-94756
037 _bDBAD/PUB
082 _aN
100 _aSharma, Parvati
245 _aClose to home /
_cby Parvati Sharma
260 _aNew Delhi
_bPenguin Books
_c2014
270 _a128 B, 1st Floor, Shahpur Jat
_bNew Delhi
_e110049
300 _a201p.
_c22cm(Hb)
942 _2ddc
_cEN
_mSHA
_hN
999 _c90031
_d90031